000 00434nam a22001697a 4500
005 20230403154123.0
008 230401b |||||||| |||| 00| 0 eng d
020 _a978-81-239-0560-0
041 _aeng
082 _a545 SET-Q
100 _aSETHI,P.D.
_97712
245 _aQUANTATIVE ANALYSIS OF DRUGS IN PHARMACEUTICAL FORMULTION S
260 _bCBS
_c2023
300 _a643;P.
650 _aPHARMACY
_xB.PHARMA
_97713
942 _cBK
999 _c8272
_d8270